000 01978 a2200301 4500
005 2008110606036.0
008 081106t xxu||||| |||| 00| 0 eng d
010 _aENG-84345-49
020 _a8178801930 (Set)
_c5000.00 (set)
035 _aEN-67878-82
037 _bD.B.Act /pub
082 _a371.403
245 _aModern encyclopaedia of counselling and guidence /
_ceditedby Alka Saxena
260 _aNeww Delhi
_bRajat Publications
_c2006
270 _a4675/21, Ansari Road
_bNew Delhi
_e110 002
_k23267924
300 _av5.
_c23cm
500 _aInclude bibliographic references and index This book is published in five volumes
505 _av.1. An introduction to education and vocational guidence. (299p).-v.2. Counselling of the Handicapped. (287p).-v.3. counselling in colleges. (311p).-v.4. Organisation of guidence services. (402p).-v.5. Modern techniques of counselling. (331p)
650 _aEducation
650 _aCounselling and Guidence
700 _aSaxena, Alka
942 _cEN
_2ddc
_h371.403
_mMOD
999 _c13
_d13